=LDR 00000nam 2200000 4500 =001 INLIS000000000021116 =005 20130612120015 =008 ***********************************Ind** =035 ##$$0010-061300000021116 =041 ##$$a Ind =082 ##$$a 372.7 =090 ##$$a 372.7, Mat m =245 ##$$a Matematika tangkas berhitung untuk sekolah dasar kelas 1 =260 ##$$a 2000 $b Bandung =300 ##$$a v, 71 hlm, ilus, 28 cm =650 ##$$a Pendidikan dasar-studi dan pengajaran =850 ##$$a NBPNMAT =990 ##$$a 36593659